00257nam a2200097Ia 4500008004100000041000800041100003000049245002500079260004600104300000900150240521s2005 xx 000 0 und d aeng aRAMAMRUTHAM S & NARAYAN R aTHEORY OF STRUCTURES bDHANPAT RAI PUBLISHING CO. (P) LTD.c2005 a1428